Mediácia na pracovisku 2016 - výzvy a očakávania

Mediácia, hľadanie riešenia a zákon o mediácii. Konflikt na pracovisku. Riadenie konfliktu verzus prevencia. Vhodnosť mediácie na pracovisku. Mediácia na pracovisku ako prevencia proti stereotypom, predsudkom a diskriminácii. Mediácia na pracovisku - obligatórnosť verzus fakultatívnosť. Komunikácia...

Descrizione completa

Salvato in:
Dettagli Bibliografici
Autore principale: Kutlík, František
Natura: Capitolo di libro
Lingua:slovacco
Soggetti:
Tags: Aggiungi Tag
Nessun Tag, puoi essere il primo ad aggiungerne!!

MARC

LEADER 00000naa a2200000 4500
001 0220305
005 20231109105833.6
041 0 |a slo 
044 |a SK 
245 1 0 |a Mediácia na pracovisku 2016 - výzvy a očakávania  |c František Kutlík 
520 |a Mediácia, hľadanie riešenia a zákon o mediácii. Konflikt na pracovisku. Riadenie konfliktu verzus prevencia. Vhodnosť mediácie na pracovisku. Mediácia na pracovisku ako prevencia proti stereotypom, predsudkom a diskriminácii. Mediácia na pracovisku - obligatórnosť verzus fakultatívnosť. Komunikácia vo vnútri organizácie. Novela mediačného zákona. 
610 2 0 |a mediácia 
610 2 0 |a mediátori 
610 2 0 |a podnik 
610 2 0 |a firmy 
610 2 0 |a pracovisko 
610 2 0 |a manažéri 
610 2 0 |a zamestnanci 
610 2 0 |a konflikty 
610 2 0 |a diskriminácia 
610 2 0 |a komunikácia interná 
610 2 0 |a legislatíva 
100 1 |a Kutlík, František